Libro de matrícula, asistencia diaria, clasificación, correspondencia / (Record no. 171764)

MARC details
000 -LEADER
campo de control de longitud fija 00603nam a22001815i 4500
001 - NÚMERO DE CONTROL
campo de control 171764
003 - IDENTIFICADOR DE NÚMERO DE CONTROL
campo de control ES-MaACL
005 - FECHA Y HORA DE LA ÚLTIMA TRANSACCIÓN
campo de control 20230906214725.0
008 - DATOS DE LONGITUD FIJA--INFORMACIÓN GENERAL
campo de control de longitud fija 090528s1969 sp |||| | spa d
080 ## - NÚMERO DE LA CLASIFICACIÓN DECIMAL UNIVERSAL
Número de la Clasificación Decimal Universal 372:371.2(46)
100 1# - ENTRADA PRINCIPAL--NOMBRE DE PERSONA
Nombre de persona Solana, Ezequiel.
9 (RLIN) 140208
245 10 - MENCIÓN DEL TÍTULO
Título Libro de matrícula, asistencia diaria, clasificación, correspondencia /
Mención de responsabilidad, etc. [Ezequiel Solana].
260 ## - PUBLICACIÓN, DISTRIBUCIÓN, ETC.
Lugar de publicación, distribución, etc. Madrid :
Nombre del editor, distribuidor, etc. Escuela Española,
Fecha de publicación, distribución, etc. [1969]
300 ## - DESCRIPCIÓN FÍSICA
Extensión 34 h. ;
Dimensiones 32 cm.
500 ## - NOTA GENERAL
Nota general Precede al tít.: Registro Escolar Solana.
650 14 - PUNTO DE ACCESO ADICIONAL DE MATERIA--TÉRMINO DE MATERIA
Término de materia o nombre geográfico como elemento de entrada Enseñanza-
Subdivisión de forma Formularios.
9 (RLIN) 140209
852 ## - LOCALIZACIÓN
Ubicación ES-MaACL
Número de control de estantería C-41239
itemnumber R.72804
Holdings
Estatus retirado Estado de pérdida Estado de daño No para préstamo Biblioteca de origen Biblioteca actual Ubicación en estantería Fecha de adquisición Fuente de adquisición Total de préstamos Signatura topográfica completa Código de barras Visto por última vez Precio de reemplazo Tipo de ítem Koha
        Biblioteca del Ateneo de Madrid Biblioteca del Ateneo de Madrid Depósito 2 28/05/2009     C-41239 1180260 23/02/2023 23/02/2023 Libro impreso